| 000 | 01008nam a2200337 i 4500 | ||
|---|---|---|---|
| 001 | 15683822 | ||
| 003 | EG-ScBUE | ||
| 005 | 20250729095352.0 | ||
| 008 | 090402t2010 maua f 001 0 eng d | ||
| 020 | _a0538734183 | ||
| 020 | _a9780538734189 | ||
| 040 |
_aDLC _beng _erda _cDLC _dEG-ScBUE |
||
| 082 | 0 | 4 |
_222 _a543.0858 _bSPE |
| 245 | 1 | 0 |
_aSpectroscopy / _cGary M. Lampman [and three others] |
| 250 | _aFourth edition. | ||
| 250 | _aInternational edition. | ||
| 264 | 1 |
_aBoston, MA : _bBrooks/ Cole Cengage Learning, _c[2010] |
|
| 264 | 4 | _cc2010 | |
| 300 |
_a1 volume (various pagings) : _billustrations ; _c25 cm |
||
| 336 |
_2rdacontent _atext _btxt |
||
| 337 |
_aunmediated _2rdamedia _bn |
||
| 338 |
_avolume _bnc _2rdacarrier |
||
| 500 | _aIncludes index. | ||
| 500 | _aIncludes Appendices. | ||
| 650 | 7 |
_97140 _aSpectrum analysis. _2BUEsh |
|
| 653 | _cMay2011 | ||
| 655 | _vReading book | ||
| 700 | 1 |
_aLampman, Gary M., _eauthor. |
|
| 942 |
_2ddc _cBB |
||
| 999 |
_c15271 _d15271 |
||